Score 0/25 Timer 07:00
0 Plays Today
% Correct
Ultra
94.5%
Under
94.4%
Unidentified
94.1%
United
93.2%
You
93.1%
Utility
89.2%
Ulcer
89.2%
Urban
88.8%
Upravleniye
87.1%
Union
85.7%
Unit
85.6%
Universidad
84.1%
Unreasonable
83%
% Correct
Ultimate
80.7%
University
79.9%
Underground
79.8%
Understanding
74.9%
User
71.2%
Universal
70.7%
Unmanned
65.9%
Universalist
63.2%
Unarmed
53.1%
Unique
49%
Uninterruptible
42.7%
Uniform
28.7%
Remove Ads.
Support Sporcle.
Get the best of Sporcle when you Go Orange. This ad-free experience offers more features, more stats, and more fun while also helping to support Sporcle. Thank you for becoming a member.

You're not logged in!

Compare scores with friends on all Sporcle quizzes.
OR
Log In

Show Comments

Extras

Top Quizzes Today


Score Distribution

Your Account Isn't Verified!

In order to create a playlist on Sporcle, you need to verify the email address you used during registration. Go to your Sporcle Settings to finish the process.

Report this User

Report this user for behavior that violates our Community Guidelines.

Details: